| 000 | 00421nam a22001817a 4500 | ||
|---|---|---|---|
| 005 | 20240605055701.0 | ||
| 008 | 240605b |||||||| |||| 00| 0 eng d | ||
| 082 |
_222 _a364 _bHOW |
||
| 100 | _aJones, Howard | ||
| 245 | _aCrime in a Changing Society | ||
| 250 | _a1 st | ||
| 260 |
_aAustralia _bPenguin Books Ltd _c1965 |
||
| 300 | _a173 p ., | ||
| 650 | _aSex | ||
| 650 | _aCriminal | ||
| 650 | _aSocial | ||
| 942 | _cL | ||
| 999 |
_c5880 _d5880 |
||